[Event "Oberliga Nord O 2122"]
[Site "Germany"]
[Date "2021.12.12"]
[Round "3.5"]
[White "Milare, Tyron"]
[Black "Postler, Reinhard"]
[Result "1-0"]
[WhiteElo "2300"]
[BlackElo "2212"]
[PlyCount "63"]
[EventDate "2021.10.31"]
[EventType "team-tourn"]
[EventRounds "9"]
[EventCountry "GER"]
[SourceTitle "EXT 2023"]
[Source "ChessBase"]
[SourceDate "2022.10.05"]
[SourceVersion "1"]
[SourceVersionDate "2022.10.05"]
[SourceQuality "1"]
[WhiteTeam "Potsdam Empor"]
[BlackTeam "Oberschoeneweide"]
[WhiteTeamCountry "GER"]
[BlackTeamCountry "GER"]

1. d4 d5 2. Nf3 Nf6 3. c4 c6 4. e3 e6 5. Nc3 Nbd7 6. Bd3 Bd6 7. 0-0 0-0 8. e4 dxc4 9. Bxc4 e5 10. Qe2 exd4 11. Nxd4 Ne5 12. Bb3 Bg4 13. Qc2 Nh5 14. Be3 c5 15. Nf5 Bxf5 16. exf5 Nf3+ 17. gxf3 Qh4 18. Rfd1 Qxh2+ 19. Kf1 Bf4 20. Bxc5 Rae8 21. Ne4 Qh3+ 22. Ke2 Qg2 23. Be6 fxe6 24. Rg1 Qh3 25. Bxf8 exf5 26. Bxg7 Nxg7 27. Qc4+ Kf8 28. Qc5+ Kf7 29. Qd5+ Kf8 30. Rxg7 Kxg7 31. Rg1+ Kh8 32. Qf7 1-0

[Event "GER-ch U16"]
[Site "Willingen"]
[Date "2021.08.26"]
[Round "6"]
[White "Musiolik, David"]
[Black "Milare, Tyron"]
[Result "1-0"]
[WhiteElo "2286"]
[BlackElo "2161"]
[PlyCount "115"]
[EventDate "2021.08.22"]
[EventType "swiss"]
[EventRounds "9"]
[EventCountry "GER"]
[SourceTitle "EXT 2022"]
[Source "ChessBase"]
[SourceDate "2021.10.06"]
[SourceVersion "1"]
[SourceVersionDate "2021.10.06"]
[SourceQuality "1"]

1. e4 c5 2. Ne2 d6 3. g3 e5 4. Bg2 Nc6 5. c3 Be7 6. d4 Bf6 7. Be3 exd4 8. cxd4 Qb6 9. e5 dxe5 10. dxc5 Qxb2 11. Nbc3 Bf5 12. 0-0 Nge7 13. Be4 Rd8 14. Qa4 Bxe4 15. Qxe4 Nd4 16. Bxd4 exd4 17. Rab1 dxc3 18. Rxb2 cxb2 19. Nf4 g6 20. Nd3 0-0 21. Nxb2 Nc6 22. Nc4 Rd4 23. Qc2 Nb4 24. Qb3 Nd3 25. Qxb7 Nxc5 26. Qc6 Ne6 27. Ne3 Rfd8 28. Rb1 R8d7 29. Qa6 R4d6 30. Rb8+ Bd8 31. Qa4 Kg7 32. Qg4 Nd4 33. Kg2 h5 34. Qe4 Ne6 35. Rb7 Rd4 36. Qb1 R7d6 37. Rxa7 Bg5 38. Qb7 Nd8 39. Qb5 Ne6 40. Qe8 Nd8 41. Qe5+ Bf6 42. Qb5 Rd2 43. Ra6 R6d3 44. Nc4 Rd5 45. Qb4 R2d4 46. a4 Re4 47. a5 Ne6 48. Rc6 Re2 49. Kf1 Ra2 50. Rd6 Rf5 51. Rd2 Ra1+ 52. Kg2 Ng5 53. Nd6 Re5 54. f4 Ree1 55. fxg5 Rg1+ 56. Kf3 Bxg5 57. Qc3+ Kg8 58. Ne8 1-0

[Event "GER-ch Net blitz qual4"]
[Site "Playchess.com INT"]
[Date "2021.05.10"]
[Round "2"]
[White "Milare, Tyron"]
[Black "Brunner, Tobias"]
[Result "1/2-1/2"]
[WhiteElo "2222"]
[BlackElo "1959"]
[PlyCount "158"]
[EventDate "2021.05.10"]
[EventType "swiss (blitz)"]
[EventRounds "11"]
[EventCountry "GER"]
[SourceTitle "CBM 202 Extra"]
[Source "ChessBase"]
[SourceDate "2021.07.31"]
[SourceVersion "1"]
[SourceVersionDate "2021.07.31"]
[SourceQuality "1"]

1. d4 d5 2. Nf3 e6 3. c4 Nf6 4. Nc3 c6 5. Bg5 Be7 6. e3 Nbd7 7. Bd3 0-0 8. 0-0 Re8 9. Re1 Nf8 10. cxd5 exd5 11. Ne5 Ng6 12. f4 Nd7 13. Bxe7 Qxe7 14. Qf3 Nf6 15. a3 Nf8 16. b4 a6 17. Rab1 g6 18. Rf1 Nh5 19. g4 Ng7 20. g5 Nf5 21. Ng4 Nd7 22. Bxf5 gxf5 23. Nh6+ Kh8 24. Nxf5 Qe6 25. Nh6 Qxe3+ 26. Qxe3 Rxe3 27. Rbc1 Nb6 28. Nxf7+ Kg7 29. Ne5 Bf5 30. Rfe1 Rxe1+ 31. Rxe1 Re8 32. Kf2 Nc8 33. Nf3 Rxe1 34. Kxe1 Nd6 35. Nd2 Kg6 36. Kf2 Bd7 37. Nd1 Kf5 38. Kf3 Nb5 39. Ne3+ Kg6 40. Nc2 Bf5 41. Na1 Nxd4+ 42. Ke3 Nb5 43. Nf3 Nxa3 44. Nh4+ Kf7 45. Nxf5 Nc4+ 46. Kd4 a5 47. bxa5 Nxa5 48. h4 Kg6 49. Ng3 Nc4 50. f5+ Kf7 51. h5 Nd2 52. g6+ hxg6 53. fxg6+ Kf6 54. Ne2 Nf3+ 55. Kc5 Ne5 56. Nf4 Nd7+ 57. Kd6 Ne5 58. Nc2 Nc4+ 59. Kc7 Ne5 60. Kxb7 c5 61. Nxd5+ Kg7 62. Nf4 c4 63. Kb6 Nd7+ 64. Kb5 Nf6 65. Ne6+ Kh6 66. g7 Kxh5 67. Kxc4 Kg6 68. Ncd4 Kf7 69. Kc5 Ne8 70. Nf5 Nxg7 71. Nexg7 Kf6 72. Kd4 Kg6 73. Ke5 Kf7 74. Ne6 Kg6 75. Nf4+ Kg5 76. Ne3 Kh4 77. Kf5 Kg3 78. Ng4 Kf3 79. Ne5+ Ke3 1/2-1/2

[Event "GER-ch Net blitz qual3"]
[Site "Playchess.com INT"]
[Date "2021.05.07"]
[Round "4"]
[White "Haensel, Marvin"]
[Black "Milare, Tyron"]
[Result "0-1"]
[WhiteElo "1651"]
[BlackElo "1744"]
[PlyCount "134"]
[EventDate "2021.05.07"]
[EventType "swiss (blitz)"]
[EventRounds "11"]
[EventCountry "GER"]
[SourceTitle "CBM 202 Extra"]
[Source "ChessBase"]
[SourceDate "2021.07.31"]
[SourceVersion "1"]
[SourceVersionDate "2021.07.31"]
[SourceQuality "1"]

1. d4 Nf6 2. c4 e6 3. Nf3 d5 4. g3 Bb4+ 5. Bd2 Be7 6. Bg2 0-0 7. 0-0 Nbd7 8. Nc3 c6 9. Qc2 b6 10. Rfe1 Ba6 11. b3 dxc4 12. bxc4 Bxc4 13. e4 b5 14. e5 Nd5 15. Ne4 Nb4 16. Bxb4 Bxb4 17. Red1 Be7 18. h4 Nb6 19. Nfg5 g6 20. Qd2 Nd5 21. Nh3 Kg7 22. Neg5 Bb4 23. Qc2 Nc3 24. h5 Be2 25. Rd3 Bxh5 26. Rxc3 Qxd4 27. Rc1 Bxc3 28. Nf4 Qxe5 29. Nxh5+ gxh5 30. Qxh7+ Kf6 31. Ne4+ Ke7 32. Nxc3 Rac8 33. Qd3 Rfd8 34. Qf3 b4 35. Ne4 c5 36. Re1 Qd4 37. Ng5 Qf6 38. Qe3 Rd4 39. f4 Rcd8 40. f5 Rd1 41. Qxc5+ R1d6 42. Ne4 Qxf5 43. Qxf5 exf5 44. Nxd6+ Kxd6 45. Bh3 Rb8 46. Bxf5 Rg8 47. Kf2 Rg5 48. Bc8 Re5 49. Rd1+ Rd5 50. Rb1 Rd2+ 51. Kf3 Rxa2 52. Rxb4 Ra5 53. Rh4 Ke7 54. Bb7 Kf6 55. Rf4+ Kg6 56. Be4+ f5 57. Bd3 Kg5 58. Ke3 Kg6 59. Rf2 Re5+ 60. Kf4 Rd5 61. Be2 Rd4+ 62. Kf3 Ra4 63. Rh2 Ra3+ 64. Kf2 Ra2 65. Rxh5 Rxe2+ 66. Kxe2 Kxh5 67. Ke3 Kg4 0-1

[Event "GER-ch Net blitz qual3"]
[Site "Playchess.com INT"]
[Date "2021.05.07"]
[Round "3"]
[White "Milare, Tyron"]
[Black "Beesk, Kevin"]
[Result "1-0"]
[WhiteElo "1744"]
[BlackElo "2000"]
[PlyCount "63"]
[EventDate "2021.05.07"]
[EventType "swiss (blitz)"]
[EventRounds "11"]
[EventCountry "GER"]
[SourceTitle "CBM 202 Extra"]
[Source "ChessBase"]
[SourceDate "2021.07.31"]
[SourceVersion "1"]
[SourceVersionDate "2021.07.31"]
[SourceQuality "1"]

1. d4 Nf6 2. Nf3 c5 3. e3 g6 4. c4 cxd4 5. exd4 d5 6. Nc3 Bg7 7. h3 0-0 8. Be3 Nc6 9. c5 b6 10. Bb5 Bd7 11. cxb6 axb6 12. 0-0 Re8 13. a3 Na5 14. Bxd7 Qxd7 15. Ne5 Qb7 16. Qe2 Rac8 17. Rac1 Nc4 18. Nxc4 Rxc4 19. Nxd5 Rxc1 20. Nxf6+ Bxf6 21. Rxc1 Qd5 22. Qc4 Rd8 23. Qxd5 Rxd5 24. Rc6 b5 25. Rb6 Kg7 26. Kf1 e5 27. dxe5 Bxe5 28. b4 Bb2 29. Ra6 Rd3 30. Ra5 Rxa3 31. Bd4+ Bxd4 32. Rxa3 1-0

[Event "GER-ch Net blitz qual3"]
[Site "Playchess.com INT"]
[Date "2021.05.07"]
[Round "1"]
[White "Milare, Tyron"]
[Black "Cofman, Veaceslav"]
[Result "1/2-1/2"]
[WhiteElo "1744"]
[BlackElo "2220"]
[PlyCount "164"]
[EventDate "2021.05.07"]
[EventType "swiss (blitz)"]
[EventRounds "11"]
[EventCountry "GER"]
[SourceTitle "CBM 202 Extra"]
[Source "ChessBase"]
[SourceDate "2021.07.31"]
[SourceVersion "1"]
[SourceVersionDate "2021.07.31"]
[SourceQuality "1"]

1. d4 Nf6 2. Nf3 c5 3. e3 e6 4. c4 cxd4 5. exd4 Bb4+ 6. Nc3 Qa5 7. Bd2 d5 8. a3 Bxc3 9. Bxc3 Qc7 10. c5 Nc6 11. Bd3 0-0 12. 0-0 b6 13. b4 bxc5 14. bxc5 Rb8 15. Qe2 Bd7 16. Rfb1 Rxb1+ 17. Rxb1 Rb8 18. Qc2 h6 19. h3 Rxb1+ 20. Qxb1 Qb8 21. Qxb8+ Nxb8 22. Ne5 Ba4 23. f3 Nfd7 24. Nxd7 Bxd7 25. Kf2 Nc6 26. Ke3 f6 27. f4 Kf7 28. Bb5 Ke7 29. Bxc6 Bxc6 30. g3 Kd7 31. Ba5 Kc8 32. Kd3 Bb5+ 33. Ke3 Bc4 34. h4 g6 35. Bb4 Kb7 36. g4 Kc6 37. Ba5 Kb5 38. Bd8 f5 39. gxf5 exf5 40. Kd2 Ka4 41. Kc3 Kxa3 42. c6 Bb5 43. c7 Bd7 44. Be7+ Ka4 45. Bf8 h5 46. Bc5 a6 47. Bd6 Kb5 48. Kb3 a5 49. Bf8 a4+ 50. Kc3 Kc6 51. Kb4 Kxc7 52. Bc5 Kb7 53. Bd6 Ka6 54. Bc5 g5 55. fxg5 f4 56. Bd6 f3 57. Bg3 Kb7 58. g6 Kc8 59. g7 Be6 60. Kxa4 Kd7 61. Kb4 Ke7 62. Kc3 Kf7 63. Kd3 Kxg7 64. Ke3 Bg4 65. Kf4 Kg6 66. Bf2 Kf6 67. Bg3 Ke6 68. Bf2 Kd6 69. Bg3 Kc6 70. Ke5 Bh3 71. Kf4 Bg2 72. Kg5 Kb5 73. Kxh5 Kc4 74. Bf2 Kd3 75. Kg4 Ke2 76. Kg3 Bh3 77. h5 Bf5 78. h6 Be4 79. Bg1 Kf1 80. Bf2 Ke2 81. Bg1 Kf1 82. Bf2 Ke2 1/2-1/2

[Event "GER-chT Lands U20"]
[Site "Berlin"]
[Date "2020.10.04"]
[Round "7.6"]
[White "Kuznecovs, Nikita"]
[Black "Milare, Tyron"]
[Result "1-0"]
[WhiteElo "2276"]
[BlackElo "2176"]
[PlyCount "147"]
[EventDate "2020.09.29"]
[EventType "team-swiss"]
[EventRounds "7"]
[EventCountry "GER"]
[SourceTitle "CBM 198 Extra"]
[Source "ChessBase"]
[SourceDate "2020.11.30"]
[SourceVersion "1"]
[SourceVersionDate "2020.11.30"]
[SourceQuality "1"]
[WhiteTeam "Thueringen U20"]
[BlackTeam "Brandenburg U20"]
[WhiteTeamCountry "GER"]
[BlackTeamCountry "GER"]

1. Nf3 Nf6 2. c4 e6 3. Nc3 d5 4. e3 Be7 5. Be2 dxc4 6. Bxc4 0-0 7. 0-0 b6 8. d4 Bb7 9. Qe2 c5 10. Rd1 Qc8 11. e4 cxd4 12. Nxd4 Nc6 13. Nf3 h6 14. Bf4 a6 15. Na4 Bd8 16. Bd3 Nd7 17. Rac1 b5 18. Nc3 Bb6 19. Bb1 Rd8 20. Nd5 Bc5 21. Ne3 Bxe3 22. Qxe3 e5 23. Bg3 Qb8 24. Bh4 f6 25. Qb3+ Kh8 26. Qf7 Nd4 27. Nxd4 exd4 28. Rxd4 Qf4 29. Rcd1 Qxh4 30. Rxd7 Rxd7 31. Rxd7 Qg5 32. g3 Qc1+ 33. Kg2 Rg8 34. Bd3 Bc8 35. Re7 Qd1 36. Qd5 Qg4 37. Bc2 Qh3+ 38. Kg1 Bg4 39. e5 Bf5 40. Bd1 fxe5 41. Qxe5 Bd3 42. Qe1 Rf8 43. f4 Qf5 44. Qc3 Qf6 45. Qxf6 Rxf6 46. Kf2 Rd6 47. Ke3 Bf5 48. Be2 Kh7 49. g4 Bb1 50. a3 Kg6 51. Rc7 Kf6 52. h4 g5 53. fxg5+ hxg5 54. h5 Re6+ 55. Kf3 Be4+ 56. Kg3 Bb1 57. Bf3 Rd6 58. Rc6 Rxc6 59. Bxc6 Bc2 60. Kf2 Bd1 61. Bf3 Bc2 62. Ke3 Ke5 63. Be2 Bb3 64. Bd3 Be6 65. h6 Kf6 66. Bf5 Bc4 67. b4 Kf7 68. Kd4 Kf6 69. Kc5 Be2 70. Kb6 Kf7 71. Kxa6 Kf6 72. Ka5 Bf1 73. a4 bxa4 74. Kxa4 1-0

[Event "GER-chT Lands U20"]
[Site "Berlin"]
[Date "2020.10.03"]
[Round "6.5"]
[White "Ermitsch, Magnus"]
[Black "Milare, Tyron"]
[Result "0-1"]
[WhiteElo "2025"]
[BlackElo "2176"]
[PlyCount "152"]
[EventDate "2020.09.29"]
[EventType "team-swiss"]
[EventRounds "7"]
[EventCountry "GER"]
[SourceTitle "CBM 198 Extra"]
[Source "ChessBase"]
[SourceDate "2020.11.30"]
[SourceVersion "1"]
[SourceVersionDate "2020.11.30"]
[SourceQuality "1"]
[WhiteTeam "Berlin U20"]
[BlackTeam "Brandenburg U20"]
[WhiteTeamCountry "GER"]
[BlackTeamCountry "GER"]

1. e4 c5 2. Nf3 d6 3. d4 cxd4 4. Qxd4 Nc6 5. Bb5 Bd7 6. Bxc6 Bxc6 7. Nc3 e5 8. Qd3 Be7 9. 0-0 h6 10. b3 Nf6 11. Rd1 0-0 12. a4 Qc8 13. Ba3 Rd8 14. h3 Qe6 15. Qe3 Nh5 16. Kh2 Nf4 17. Ne2 Qg6 18. Nxf4 exf4 19. Qxf4 Bf6 20. Rac1 Bxe4 21. Rxd6 Rxd6 22. Bxd6 Bb2 23. Rb1 Bxf3 24. Qg3 Rd8 25. Rxb2 Qxd6 26. Qxd6 Rxd6 27. gxf3 Rd2 28. Kg3 g5 29. a5 Kf8 30. Ra2 Ke7 31. Ra4 Rxc2 32. Rb4 Rc7 33. f4 Ke6 34. fxg5 hxg5 35. Kg4 f6 36. h4 gxh4 37. Kxh4 Rg7 38. Rb5 a6 39. Rc5 f5 40. Kh3 Rg4 41. Rc3 Rb4 42. Kg3 Rb5 43. Kf4 Rxa5 44. Kg5 Ke5 45. f4+ Ke4 46. Rc4+ Kd3 47. Rb4 b5 48. Kxf5 Kc3 49. Re4 Kxb3 50. Ke6 b4 51. Re5 Rb5 52. Rxb5 axb5 53. f5 Ka2 54. f6 b3 55. f7 b2 56. f8Q b1Q 57. Qa8+ Kb2 58. Qh8+ Kb3 59. Qd4 Qe1+ 60. Kd5 Qc3 61. Qd1+ Ka3 62. Qf1 b4 63. Qa6+ Kb3 64. Qe2 Ka3 65. Qa6+ Kb2 66. Qe2+ Qc2 67. Qe5+ Ka2 68. Qb8 Qd2+ 69. Kc4 Qe2+ 70. Kc5 b3 71. Qa7+ Kb1 72. Kb4 b2 73. Qh7+ Kc1 74. Qh1+ Kc2 75. Qh7+ Qd3 76. Qc7+ Kd1 0-1

[Event "GER-ch Net Amateur Gr-A Vor3"]
[Site "Playchess.com INT"]
[Date "2020.04.16"]
[Round "1"]
[White "Haack, Kevin"]
[Black "Milare, Tyron"]
[Result "1-0"]
[WhiteElo "1640"]
[BlackElo "1953"]
[PlyCount "87"]
[EventDate "2020.04.16"]
[EventType "swiss (blitz)"]
[EventRounds "9"]
[EventCountry "GER"]
[SourceTitle "CBM 195 Extra"]
[Source "ChessBase"]
[SourceDate "2020.05.31"]
[SourceVersion "1"]
[SourceVersionDate "2020.05.31"]
[SourceQuality "1"]

1. c4 e5 2. g3 Nc6 3. Bg2 Nf6 4. Nc3 Bc5 5. e3 a6 6. Nge2 d6 7. 0-0 0-0 8. d4 exd4 9. exd4 Ba7 10. a3 Bg4 11. Qd3 Re8 12. Be3 Qd7 13. Rfd1 h6 14. b4 Rab8 15. b5 axb5 16. Nxb5 Bb6 17. Rdc1 d5 18. c5 Ba5 19. Nbc3 Ne7 20. Qd2 c6 21. f3 Bf5 22. Nf4 Ng6 23. Nd3 Bh3 24. Nf2 Bxg2 25. Kxg2 Re7 26. Re1 Rbe8 27. Qd3 Nh5 28. Kg1 Bc7 29. Bd2 Nf6 30. Rxe7 Rxe7 31. Re1 Rxe1+ 32. Bxe1 Qe7 33. Qe2 Kf8 34. Nd3 Qxe2 35. Nxe2 Ne7 36. Bd2 Nf5 37. Kf2 Ke7 38. Bf4 Bxf4 39. Ndxf4 Kd7 40. Nd3 Ne7 41. Ne5+ Ke6 42. Nf4+ Kf5 43. Nxf7 g5 44. Nd6# 1-0

[Event "GER-ch Net Amateur Gr-A Vor3"]
[Site "Playchess.com INT"]
[Date "2020.04.16"]
[Round "4"]
[White "Manthey, Frank"]
[Black "Milare, Tyron"]
[Result "0-1"]
[WhiteElo "1750"]
[BlackElo "1953"]
[PlyCount "170"]
[EventDate "2020.04.16"]
[EventType "swiss (blitz)"]
[EventRounds "9"]
[EventCountry "GER"]
[SourceTitle "CBM 195 Extra"]
[Source "ChessBase"]
[SourceDate "2020.05.31"]
[SourceVersion "1"]
[SourceVersionDate "2020.05.31"]
[SourceQuality "1"]

1. e4 c5 2. c3 e6 3. d4 d5 4. exd5 exd5 5. Nf3 Nf6 6. Bg5 Be7 7. Bb5+ Nc6 8. 0-0 0-0 9. Re1 Bg4 10. dxc5 Bxc5 11. h3 Be6 12. Bxc6 bxc6 13. Nd4 h6 14. Bh4 Bd7 15. Nd2 Be7 16. Qf3 Re8 17. Nf5 Bxf5 18. Qxf5 Nd7 19. Bg3 Bf6 20. Nf3 Nc5 21. Rxe8+ Qxe8 22. Re1 Qd7 23. Qxd7 Nxd7 24. Nd4 Bxd4 25. cxd4 Nb6 26. b3 Rd8 27. Re7 Rd7 28. Re8+ Kh7 29. Kf1 Kg6 30. Ke2 f6 31. Kd3 Kf7 32. Rb8 Re7 33. f3 Re8 34. Rb7+ Re7 35. Rxe7+ Kxe7 36. a4 Ke6 37. a5 Nc8 38. a6 Nd6 39. Be1 Kd7 40. Bb4 Nb5 41. Bc5 g6 42. b4 Ke6 43. Ke3 Kf5 44. g4+ Ke6 45. f4 f5 46. Kf3 Kd7 47. gxf5 gxf5 48. Kg3 Ke6 49. Kh4 Kf6 50. Kh5 Kg7 51. Kh4 Kg6 52. Kg3 Kh5 53. h4 Kg6 54. Kh3 Nc7 55. Bxa7 Nxa6 56. Bc5 Nc7 57. Kg3 Ne6 58. Kf3 Kh7 59. Ke3 Kg7 60. Be7 Kf7 61. Bd6 Kg6 62. Be5 Kh5 63. Bf6 Nc7 64. Bd8 Nb5 65. Be7 Kg6 66. Bd8 h5 67. Be7 Kf7 68. Bg5 Ke6 69. Bh6 Nd6 70. Bg5 Kd7 71. Bf6 Ne4 72. Be5 Kc8 73. Bg7 Kb7 74. Bf8 Kb6 75. Be7 Kb5 76. Bf8 Kc4 77. Be7 Nc3 78. Bf8 Nb5 79. Bc5 Na3 80. Kd2 Nb5 81. Kc2 Nxd4+ 82. Bxd4 Kxd4 83. Kb3 Ke3 84. Kc3 d4+ 85. Kc4 d3 0-1

[Event "GER-ch Net Amateur Gr-A Vor3"]
[Site "Playchess.com INT"]
[Date "2020.04.16"]
[Round "8"]
[White "Milare, Tyron"]
[Black "Yankelevich, Michael"]
[Result "1-0"]
[WhiteElo "1953"]
[BlackElo "2038"]
[PlyCount "121"]
[EventDate "2020.04.16"]
[EventType "swiss (blitz)"]
[EventRounds "9"]
[EventCountry "GER"]
[SourceTitle "CBM 195 Extra"]
[Source "ChessBase"]
[SourceDate "2020.05.31"]
[SourceVersion "1"]
[SourceVersionDate "2020.05.31"]
[SourceQuality "1"]

1. d4 c5 2. dxc5 e6 3. Nf3 Bxc5 4. e3 Nf6 5. Bd3 d5 6. 0-0 0-0 7. c4 Nc6 8. a3 a5 9. Nc3 b6 10. b3 Bb7 11. Bb2 dxc4 12. Bxc4 Qxd1 13. Rfxd1 Rfd8 14. Na4 Ne4 15. Bd3 Ne7 16. Bxe4 Bxe4 17. Nxc5 bxc5 18. Rxd8+ Rxd8 19. Rc1 h6 20. Kf1 Rb8 21. Nd2 Bd3+ 22. Ke1 c4 23. Be5 Rb5 24. Bd6 Nf5 25. bxc4 Rb2 26. c5 a4 27. Be5 Rc2 28. Rxc2 Bxc2 29. c6 Ne7 30. c7 Nc8 31. Nc4 Be4 32. Bd6 Bd5 33. Bc5 Bxc4 34. Kd2 f6 35. Kc3 Bd5 36. Kb4 Kf7 37. Kxa4 Ke8 38. Kb5 Kd7 39. Bf8 g6 40. Bxh6 Bxg2 41. Bg7 Kxc7 42. Bxf6 Kd6 43. Bd4 e5 44. Bc5+ Kd5 45. a4 Ke4 46. Kc6 g5 47. Kc7 Kd5 48. Kxc8 Kxc5 49. Kd7 Kd5 50. Ke7 Ke4 51. Kf6 g4 52. a5 Kf3 53. Kxe5 Kxf2 54. Kf4 Bf3 55. e4 Kg2 56. a6 Kxh2 57. a7 g3 58. a8Q g2 59. Qh8+ Kg1 60. Kxf3 Kf1 61. Qa1# 1-0

[Event "GER-ch Net Amateur Gr-A Vor2"]
[Site "Playchess.com INT"]
[Date "2020.04.15"]
[Round "8"]
[White "Costa, Leonardo"]
[Black "Milare, Tyron"]
[Result "0-1"]
[WhiteElo "1880"]
[BlackElo "1915"]
[PlyCount "68"]
[EventDate "2020.04.15"]
[EventType "swiss (blitz)"]
[EventRounds "9"]
[EventCountry "GER"]
[SourceTitle "CBM 196 Extra"]
[Source "ChessBase"]
[SourceDate "2020.07.31"]
[SourceVersion "1"]
[SourceVersionDate "2020.07.31"]
[SourceQuality "1"]

1. e4 c5 2. Nf3 d6 3. d4 cxd4 4. Nxd4 Nf6 5. Nc3 a6 6. Bd3 e5 7. Nde2 Be7 8. 0-0 0-0 9. Ng3 Nc6 10. Nd5 Nxd5 11. exd5 Nb8 12. c4 f5 13. f4 e4 14. Be2 Nd7 15. Be3 a5 16. b3 b6 17. Qd2 Nc5 18. Rfc1 Bf6 19. Bd4 Bd7 20. Nf1 Qe7 21. Ne3 g6 22. Rab1 Qg7 23. Bxf6 Qxf6 24. Qb2 Qxb2 25. Rxb2 Kg7 26. Kf2 Rfb8 27. Rd2 b5 28. cxb5 Bxb5 29. Bxb5 Rxb5 30. Nc4 Nd3+ 31. Rxd3 exd3 32. Nxd6 Rxd5 33. Rc7+ Kg8 34. Nc4 d2 0-1

[Event "GER-ch Net Amateur Gr-A Vor2"]
[Site "Playchess.com INT"]
[Date "2020.04.15"]
[Round "5"]
[White "Milare, Tyron"]
[Black "Namyslo, Holger"]
[Result "0-1"]
[WhiteElo "1907"]
[BlackElo "1895"]
[PlyCount "80"]
[EventDate "2020.04.15"]
[EventType "swiss (blitz)"]
[EventRounds "9"]
[EventCountry "GER"]
[SourceTitle "CBM 196 Extra"]
[Source "ChessBase"]
[SourceDate "2020.07.31"]
[SourceVersion "1"]
[SourceVersionDate "2020.07.31"]
[SourceQuality "1"]

1. d4 d5 2. Nf3 Nf6 3. c4 e6 4. Nc3 c6 5. Bg5 dxc4 6. e4 b5 7. e5 h6 8. Bh4 g5 9. Nxg5 Nd5 10. Nf3 Qa5 11. Qc2 b4 12. Nxd5 cxd5 13. Qd2 Nc6 14. Be2 Ba6 15. 0-0 Rg8 16. Kh1 Kd7 17. h3 Rb8 18. Nh2 c3 19. bxc3 bxc3 20. Qd1 Bxe2 21. Qxe2 Nxd4 22. Qd3 Nf5 23. Bf6 Ba3 24. Ng4 Bb2 25. Rab1 Qxa2 26. Nh2 Qc4 27. Qc2 Qe4 28. Qxe4 dxe4 29. Rfd1+ Kc7 30. Re1 c2 31. Nf1 cxb1Q 32. Rxb1 Bd4 33. Rc1+ Kb7 34. Nd2 e3 35. Ne4 exf2 36. g4 Rbc8 37. Rb1+ Ka8 38. gxf5 exf5 39. Nd6 Rg1+ 40. Kh2 Rxb1 0-1

[Event "GER-ch Net Amateur Gr-A Vor2"]
[Site "Playchess.com INT"]
[Date "2020.04.15"]
[Round "2"]
[White "Milare, Tyron"]
[Black "Ruprecht, Martin"]
[Result "1-0"]
[WhiteElo "1909"]
[BlackElo "1792"]
[PlyCount "57"]
[EventDate "2020.04.15"]
[EventType "swiss (blitz)"]
[EventRounds "9"]
[EventCountry "GER"]
[SourceTitle "CBM 196 Extra"]
[Source "ChessBase"]
[SourceDate "2020.07.31"]
[SourceVersion "1"]
[SourceVersionDate "2020.07.31"]
[SourceQuality "1"]

1. d4 d5 2. Nf3 Nf6 3. c4 c6 4. e3 Bf5 5. Nc3 e6 6. h3 Be7 7. Bd3 Bxd3 8. Qxd3 0-0 9. 0-0 Nbd7 10. Re1 Qc7 11. e4 dxe4 12. Nxe4 Nxe4 13. Qxe4 Nf6 14. Qe2 Rad8 15. Bg5 Rd7 16. Qe3 Rfd8 17. Rad1 Qb6 18. b3 a5 19. Ne5 Rxd4 20. Rxd4 Qxd4 21. Qg3 Qb2 22. Bh6 Bf8 23. Bg5 Ne4 24. Rxe4 Qb1+ 25. Kh2 Rd1 26. Qf3 f6 27. Bxf6 gxf6 28. Rg4+ Bg7 29. Qxf6 1-0

[Event "GER-ch Net Amateur Gr-A Vor2"]
[Site "Playchess.com INT"]
[Date "2020.04.15"]
[Round "6"]
[White "Milare, Tyron"]
[Black "Schroeder, Christoph"]
[Result "1-0"]
[WhiteElo "1889"]
[BlackElo "1709"]
[PlyCount "125"]
[EventDate "2020.04.15"]
[EventType "swiss (blitz)"]
[EventRounds "9"]
[EventCountry "GER"]
[SourceTitle "CBM 196 Extra"]
[Source "ChessBase"]
[SourceDate "2020.07.31"]
[SourceVersion "1"]
[SourceVersionDate "2020.07.31"]
[SourceQuality "1"]

1. d4 e6 2. Nf3 d5 3. c4 Nf6 4. Nc3 Be7 5. Bf4 0-0 6. e3 b6 7. h3 Bb7 8. Rc1 c5 9. cxd5 Nxd5 10. Nxd5 Bxd5 11. Bd3 Nc6 12. 0-0 cxd4 13. Nxd4 Nxd4 14. exd4 Bf6 15. a3 Rc8 16. Qd2 Qd7 17. Ba6 Bb7 18. Bxb7 Qxb7 19. Be5 Be7 20. Rfd1 f6 21. Bf4 Qd5 22. Qe3 Rfd8 23. Bg3 Bd6 24. Bxd6 Qxd6 25. Rxc8 Rxc8 26. Qe4 Qd5 27. Qxd5 exd5 28. Rd2 Rc1+ 29. Kh2 Rb1 30. Kg3 Kf7 31. Kf3 Ke6 32. Ke2 a5 33. Rc2 Kd6 34. Kf3 a4 35. Ke2 Rg1 36. g3 Rh1 37. h4 h5 38. Rd2 Rb1 39. Kf3 g5 40. hxg5 fxg5 41. Re2 Rh1 42. Kg2 Rd1 43. Re5 Rxd4 44. Rxg5 Rd2 45. Rxh5 Rxb2 46. g4 d4 47. g5 d3 48. Rh3 d2 49. Rd3+ Ke6 50. Kg3 Kf5 51. Rd5+ Kg6 52. Kg4 b5 53. f4 b4 54. f5+ Kg7 55. g6 bxa3 56. Kg5 d1Q 57. Rxd1 Rg2+ 58. Kf4 a2 59. Rd7+ Kg8 60. Rd1 Rb2 61. f6 Rb4+ 62. Kg5 Rb2 63. Rd8# 1-0

[Event "GER-ch Net Amateur Gr-A Vor1"]
[Site "Playchess.com INT"]
[Date "2020.04.14"]
[Round "7"]
[White "Richter, Philipp2222"]
[Black "Milare, Tyron"]
[Result "0-1"]
[WhiteElo "2029"]
[BlackElo "1894"]
[PlyCount "130"]
[EventDate "2020.04.14"]
[EventType "swiss (blitz)"]
[EventRounds "9"]
[EventCountry "GER"]
[SourceTitle "EXT 2021"]
[Source "ChessBase"]
[SourceDate "2020.10.23"]
[SourceVersion "1"]
[SourceVersionDate "2020.10.23"]
[SourceQuality "1"]

1. d4 Nf6 2. c4 e6 3. Nc3 d5 4. cxd5 exd5 5. Bg5 Bb4 6. e3 0-0 7. Bd3 h6 8. Bf4 Bd6 9. Bxd6 Qxd6 10. Nf3 c6 11. 0-0 Bg4 12. h3 Bh5 13. Rb1 Nbd7 14. b4 a6 15. a4 Rfe8 16. b5 axb5 17. axb5 Ra3 18. bxc6 bxc6 19. Ne2 Bxf3 20. gxf3 c5 21. dxc5 Qxc5 22. Bb5 Rf8 23. Qd4 Qd6 24. Qf4 Ne5 25. Kg2 Rd8 26. Qb4 Qxb4 27. Rxb4 Rb8 28. Rfb1 Ra2 29. Nf4 Rc8 30. R1b2 Rc2 31. Rxa2 Rxa2 32. Rd4 Ra5 33. Be2 g5 34. Nd3 Nxd3 35. Bxd3 Kf8 36. Kg3 Ke7 37. f4 Kd6 38. fxg5 hxg5 39. Rb4 Ke5 40. Rb7 Ke6 41. Bb5 Ne4+ 42. Kf3 Ra2 43. Be2 f5 44. Rb6+ Ke5 45. Rb3 g4+ 46. hxg4 fxg4+ 47. Kxg4 Rxe2 48. f4+ Kd6 49. Kf3 Rf2+ 50. Kg4 Rc2 51. Kf5 Rc3 52. Rb6+ Kc5 53. Rb8 Rxe3 54. Rc8+ Kd4 55. Rd8 Rc3 56. Kg6 Rc6+ 57. Kh5 Rd6 58. Ra8 Ke3 59. f5 Kf4 60. Ra4 Kxf5 61. Rd4 Ke5 62. Rd1 d4 63. Kg4 d3 64. Kf3 d2 65. Ke2 Nc3+ 0-1

[Event "Berlin Lichtenberger op 16th"]
[Site "Berlin"]
[Date "2017.08.25"]
[Round "7"]
[White "Milare, Tyron"]
[Black "Winkler, Michael"]
[Result "1-0"]
[WhiteElo "1730"]
[BlackElo "1690"]
[PlyCount "71"]
[EventDate "2017.08.19"]
[EventType "swiss"]
[EventRounds "9"]
[EventCountry "GER"]
[SourceTitle "CBM 180 Extra"]
[Source "ChessBase"]
[SourceDate "2017.10.06"]
[SourceVersion "1"]
[SourceVersionDate "2017.10.06"]
[SourceQuality "1"]

1. Nf3 d5 2. d4 Nf6 3. c4 c6 4. e3 Bg4 5. Nc3 e6 6. Be2 g6 7. 0-0 Bg7 8. c5 Nbd7 9. b4 Qc7 10. Bb2 Bf5 11. Nh4 Ne4 12. g4 g5 13. gxf5 Nxc3 14. Bxc3 gxh4 15. fxe6 fxe6 16. Bh5+ Ke7 17. f4 Rhg8 18. Kh1 Raf8 19. Qe1 Bf6 20. e4 Kd8 21. e5 Be7 22. Qe2 Nb8 23. a4 Kc8 24. Bg4 Qd7 25. Rf2 Na6 26. Raf1 Nc7 27. b5 cxb5 28. Ba5 bxa4 29. f5 Qb5 30. Qxb5 Nxb5 31. f6 Rxg4 32. fxe7 Re8 33. Rf8 Rg8 34. Rxg8 Kd7 35. Rxe8 Kxe8 36. Bd8 1-0